[Event "FAI-chT2 1920"]
[Site "Faroe Islands"]
[Date "2019.12.01"]
[Round "5.2"]
[White "Gaard, Ingolf"]
[Black "Mikkelsen, Petur Pall"]
[Result "1-0"]
[WhiteElo "1915"]
[BlackElo "1702"]
[PlyCount "59"]
[EventDate "2019.10.13"]
[EventType "team-tourn"]
[EventRounds "10"]
[EventCountry "FAI"]
[SourceTitle "CBM 195 Extra"]
[Source "ChessBase"]
[SourceDate "2020.05.31"]
[SourceVersion "1"]
[SourceVersionDate "2020.05.31"]
[SourceQuality "1"]
[WhiteTeam "Klaksvik II"]
[BlackTeam "Gota"]
[WhiteTeamCountry "FAI"]
[BlackTeamCountry "FAI"]

1. d4 Nf6 2. c4 e6 3. Nc3 Bb4 4. Nf3 0-0 5. Bg5 d6 6. e3 Nbd7 7. Bd3 c5 8. 0-0 Bxc3 9. bxc3 Qc7 10. Nd2 b6 11. f4 Bb7 12. e4 h6 13. Bh4 Nh7 14. e5 f5 15. Qe2 dxe5 16. fxe5 Rae8 17. Bg3 Qd8 18. h4 Rf7 19. Qh5 cxd4 20. cxd4 Ndf8 21. Nb3 Qa8 22. Rf2 Be4 23. Qe2 Bxd3 24. Qxd3 Ng6 25. Rd1 Ref8 26. d5 Rd7 27. Nd4 exd5 28. Nxf5 Qe8 29. Nd6 Nxe5 30. Qxd5+ 1-0

[Event "FAI-chT2 1920"]
[Site "Faroe Islands"]
[Date "2019.10.13"]
[Round "1.2"]
[White "Mikkelsen, Petur Pall"]
[Black "Joensen, Jogvan Martin"]
[Result "0-1"]
[WhiteElo "1702"]
[BlackElo "1740"]
[PlyCount "96"]
[EventDate "2019.10.13"]
[EventType "team-tourn"]
[EventRounds "10"]
[EventCountry "FAI"]
[SourceTitle "CBM 195 Extra"]
[Source "ChessBase"]
[SourceDate "2020.05.31"]
[SourceVersion "1"]
[SourceVersionDate "2020.05.31"]
[SourceQuality "1"]
[WhiteTeam "Gota"]
[BlackTeam "Kollafjordur II"]
[WhiteTeamCountry "FAI"]
[BlackTeamCountry "FAI"]

1. Nf3 b6 2. g3 Bb7 3. Bg2 e6 4. 0-0 g5 5. d4 g4 6. Ne5 Bxg2 7. Kxg2 h5 8. f3 Nc6 9. Nxc6 dxc6 10. Bf4 Bd6 11. Qd2 Qd7 12. Nc3 0-0-0 13. Rad1 Bxf4 14. Qxf4 f5 15. e4 Ne7 16. Ne2 Ng6 17. Qe3 h4 18. fxg4 fxg4 19. Qg5 h3+ 20. Kh1 Rdg8 21. Qxg4 Nh4 22. Qf4 Ng2 23. Qd2 Qh7 24. Qd3 Kb7 25. Nf4 Qh6 26. Rf2 Rf8 27. Rdf1 Nxf4 28. Rxf4 Rxf4 29. Rxf4 Rd8 30. e5 Rg8 31. Qf3 Qg6 32. Qe4 Qh5 33. Kg1 Rd8 34. Qd3 c5 35. Qe4+ c6 36. c3 cxd4 37. cxd4 Qd1+ 38. Rf1 Qxd4+ 39. Qxd4 Rxd4 40. Rf6 Rd1+ 41. Kf2 Rd2+ 42. Kf3 Rxh2 43. Rxe6 Rxb2 44. Re7+ Kc8 45. Rxa7 h2 46. Rh7 c5 47. a4 c4 48. Ke3 c3 0-1

[Event "FAI-chT 1718"]
[Site "Faroe Islands"]
[Date "2018.01.20"]
[Round "5.3"]
[White "Joensen, Jogvan Martin"]
[Black "Mikkelsen, Petur Pall"]
[Result "1/2-1/2"]
[WhiteElo "1676"]
[BlackElo "1674"]
[PlyCount "44"]
[EventDate "2017.10.22"]
[EventType "team-tourn"]
[EventRounds "10"]
[EventCountry "FAI"]
[SourceTitle "EXT 2019"]
[Source "ChessBase"]
[SourceDate "2018.10.10"]
[SourceVersion "1"]
[SourceVersionDate "2018.10.10"]
[SourceQuality "1"]
[WhiteTeam "Kollafjordur"]
[BlackTeam "Gota"]
[WhiteTeamCountry "FAI"]
[BlackTeamCountry "FAI"]

1. e4 d6 2. d4 Nf6 3. Nc3 Nbd7 4. f4 e5 5. Nf3 exd4 6. Nxd4 g6 7. Be3 Bg7 8. Bc4 0-0 9. Qf3 Re8 10. 0-0 Nc5 11. f5 Ncxe4 12. fxg6 hxg6 13. Nxe4 Rxe4 14. Bd3 Bg4 15. Qf2 Re5 16. Bf4 Ne4 17. Qe3 Re8 18. Bxe4 d5 19. c3 Rxe4 20. Qg3 Qd7 21. h3 Bh5 22. Bxc7 Rae8 1/2-1/2

[Event "FAI-chT2 1617"]
[Site "Faroe Islands"]
[Date "2016.10.30"]
[Round "2.4"]
[White "Mikkelsen, Petur Pall"]
[Black "Nielsen, Johan"]
[Result "0-1"]
[WhiteElo "1622"]
[BlackElo "1200"]
[PlyCount "56"]
[EventDate "2016.10.23"]
[EventType "team-tourn"]
[EventRounds "10"]
[EventCountry "FAI"]
[SourceTitle "EXT 2020"]
[Source "ChessBase"]
[SourceDate "2019.10.17"]
[SourceVersion "1"]
[SourceVersionDate "2019.10.17"]
[SourceQuality "1"]
[WhiteTeam "Gota"]
[BlackTeam "Sandavagur II"]
[WhiteTeamCountry "FAI"]
[BlackTeamCountry "FAI"]

1. e4 e5 2. Nf3 Nc6 3. Bb5 Bc5 4. 0-0 Nf6 5. Qe2 d6 6. c3 0-0 7. d3 h6 8. h3 Bd7 9. b4 Bb6 10. Bc4 a5 11. b5 Ne7 12. Be3 c6 13. a4 c5 14. Nbd2 Bc7 15. Nh2 b6 16. f4 d5 17. fxe5 Bxe5 18. exd5 Nexd5 19. d4 Bxh2+ 20. Kxh2 Qc7+ 21. Kg1 Bxh3 22. Bxd5 Nxd5 23. dxc5 Rfe8 24. Nc4 Nxe3 25. cxb6 Qxc4 26. Qxc4 Nxc4 27. gxh3 Nxb6 28. Rf4 Rac8 0-1